| 000 | 01424nam a2200349 a 4500 | ||
|---|---|---|---|
| 003 | BLK | ||
| 005 | 20250120110438.0 | ||
| 007 | ta | ||
| 008 | 221104b bu |||||r|||| 00| | bu d | ||
| 020 | _a9789540759814 | ||
| 040 | _aBLK | ||
| 041 |
_aBUL _cBUL |
||
| 080 |
_9232067 _aИстория на Турция _b94(560) _z94(560)(092) |
||
| 080 |
_9240048 _aТурски военен деец, политик и писател _b929 Ататюрк, Мустафа Кемал _z929 Ататюрк, Мустафа Кемал |
||
| 084 | _aА 93 | ||
| 100 |
_9496398 _aХаниоглу, М. Шюкрю |
||
| 245 |
_aАтатюрк : история на идеи _cМ. Шюкрю Ханиоглу ; прев. Явор Сидеров |
||
| 260 |
_9209716 _aСофия _bУнив. изд. Св. Климент Охридски _c2024 |
||
| 300 |
_a197 с. _bс ил. _c24 см |
||
| 380 | _a9 | ||
| 500 | _aОриг. загл.: Atatürk / M. Sükrü Hanioglu | ||
| 600 | 1 | 4 |
_934748 _aАтатюрк, Мустафа Кемал |
| 650 | 0 |
_9245875 _aПолитици, турски |
|
| 650 | 0 |
_9266503 _aИстория - Турция |
|
| 700 |
_9442523 _aСидеров, Явор Димитров |
||
| 852 |
_aЦб 325562 _bЦб |
||
| 852 |
_bП _c94(5)/А 93 М |
||
| 856 |
_i0.00 _ldisable |
||
| 942 |
_cKNG _n0 _01 |
||
| 944 |
_cКети Илиева _k30575 _lМартин Енчев |
||
| 944 |
_aED _c2025-01-07 _kМ.Я. |
||
| 999 |
_c523665 _d523665 |
||